[Event "Zdar nad Sazavou Vysocina op-A 4th"]
[Site "Zdar nad Sazavou"]
[Date "2007.09.23"]
[Round "2"]
[White "Nemcova, Vaclava"]
[Black "Kozlicek, Lubomir"]
[Result "1/2-1/2"]
[WhiteElo "2045"]
[BlackElo "2197"]
[PlyCount "82"]
[EventDate "2007.09.22"]
[EventType "swiss"]
[EventRounds "9"]
[EventCountry "CZE"]
[SourceTitle "CBM 120 Extra"]
[Source "ChessBase"]
[SourceDate "2007.11.01"]
[SourceVersion "1"]
[SourceVersionDate "2007.11.01"]
[SourceQuality "1"]

1. g3 d5 2. Bg2 e5 3. d3 Nf6 4. Nf3 Bd6 5. 0-0 0-0 6. Nbd2 c6 7. e4 dxe4 8. Nxe4 Nxe4 9. dxe4 Qe7 10. Bg5 f6 11. Be3 Be6 12. Nh4 Nd7 13. Nf5 Bxf5 14. exf5 Rfd8 15. Qg4 Nb6 16. Rad1 Bc5 17. Bc1 Rxd1 18. Rxd1 Rd8 19. h4 Rxd1+ 20. Qxd1 Qd7 21. Qxd7 Nxd7 22. c3 a5 23. Bf1 Kf7 24. Kg2 Ke7 25. g4 h6 26. Bd2 Kd6 27. f4 exf4 28. Bxf4+ Ke7 29. g5 hxg5 30. hxg5 Bd6 31. Bd2 Be5 32. b4 axb4 33. cxb4 Nb6 34. Kf3 Nd5 35. gxf6+ gxf6 36. b5 c5 37. Bc4 Nb6 38. Be6 Kd6 39. Ke2 c4 40. Bb4+ Kc7 41. Ba5 Bd4 1/2-1/2

[Event "CZE-chT2d 0607"]
[Site "Czech Republic"]
[Date "2007.03.25"]
[Round "10"]
[White "Smistik, Milan"]
[Black "Kozlicek, Lubomir"]
[Result "0-1"]
[WhiteElo "2394"]
[BlackElo "2180"]
[PlyCount "96"]
[EventDate "2006.10.15"]
[EventType "team"]
[EventRounds "11"]
[EventCountry "CZE"]
[SourceTitle "EXT 2009"]
[Source "ChessBase"]
[SourceDate "2008.11.26"]
[SourceVersion "1"]
[SourceVersionDate "2008.11.26"]
[SourceQuality "1"]

1. e4 d5 2. exd5 Nf6 3. Nf3 Nxd5 4. d4 Bg4 5. h3 Bh5 6. g4 Bg6 7. Ne5 Nb4 8. Nxg6 hxg6 9. Bg2 c6 10. a3 Nd5 11. c4 Nb6 12. b3 e6 13. Bb2 N8d7 14. Nc3 Be7 15. d5 cxd5 16. cxd5 exd5 17. Nxd5 Nxd5 18. Bxd5 0-0 19. Bxb7 Rb8 20. Bd5 Bf6 21. Bxf6 Nxf6 22. Bc4 Qa5+ 23. Kf1 Ne4 24. Kg2 Qb6 25. Qc2 Qb7 26. f3 Nd6 27. Rhd1 Nxc4 28. bxc4 Qc6 29. Rab1 Rxb1 30. Rxb1 Rc8 31. Rc1 Qc5 32. Qd3 Rb8 33. Qc3 Re8 34. Rc2 a5 35. a4 Re3 36. Qd2 Qa3 37. Rb2 Rb3 38. Rxb3 Qxb3 39. Qxa5 Qxc4 40. Qb5 Qc2+ 41. Kg3 Qc7+ 42. Kf2 Qc2+ 43. Ke3 Qc3+ 44. Qd3 Qe1+ 45. Qe2 Qc3+ 46. Kf4 Qd4+ 47. Qe4 g5+ 48. Kxg5 Qf6+ 0-1

[Event "CZE-chT1E 0607"]
[Site "Czech Republic"]
[Date "2007.02.18"]
[Round "8.5"]
[White "Mrva, Marek"]
[Black "Kozlicek, Lubomir"]
[Result "1/2-1/2"]
[WhiteElo "2237"]
[BlackElo "2180"]
[PlyCount "26"]
[EventDate "2006.10.15"]
[EventType "team"]
[EventRounds "11"]
[EventCountry "CZE"]
[SourceTitle "EXT 2008"]
[Source "ChessBase"]
[SourceDate "2007.11.25"]
[SourceVersion "1"]
[SourceVersionDate "2007.11.25"]
[SourceQuality "1"]

1. e4 d5 2. exd5 Nf6 3. Nc3 Nxd5 4. Bc4 c6 5. d4 Bf5 6. Nf3 e6 7. 0-0 Be7 8. Qe2 Nxc3 9. bxc3 Nd7 10. Re1 0-0 11. Bd3 Bg6 12. Bf4 Nf6 13. Ne5 Bxd3 1/2-1/2

[Event "CZE-chT2d 0607"]
[Site "Czech Republic"]
[Date "2007.01.14"]
[Round "6.2"]
[White "Kozlicek, Lubomir"]
[Black "Varejcko, Josef"]
[Result "1/2-1/2"]
[WhiteElo "2180"]
[BlackElo "2205"]
[PlyCount "106"]
[EventDate "2006.10.15"]
[EventType "team"]
[EventRounds "11"]
[EventCountry "CZE"]
[SourceTitle "EXT 2009"]
[Source "ChessBase"]
[SourceDate "2008.11.26"]
[SourceVersion "1"]
[SourceVersionDate "2008.11.26"]
[SourceQuality "1"]

1. e4 c5 2. d4 cxd4 3. c3 d5 4. exd5 Qxd5 5. cxd4 Nc6 6. Nf3 Bg4 7. Be2 e6 8. Nc3 Qd8 9. 0-0 Nf6 10. Be3 Be7 11. Qb3 Qb6 12. Qxb6 axb6 13. h3 Bh5 14. g4 Bg6 15. Ne5 0-0 16. g5 Nd5 17. Nxd5 exd5 18. Nxc6 bxc6 19. Rfc1 c5 20. dxc5 bxc5 21. Bxc5 Bxg5 22. Rd1 Rfe8 23. Bf3 Be4 24. Kg2 Ra6 25. Bxe4 dxe4 26. Rd6 Rxd6 27. Bxd6 f5 28. a4 Re6 29. Bc5 Rg6 30. Kf1 Rh6 31. Kg2 f4 32. f3 e3 33. a5 Ra6 34. b4 Bd8 35. Kf1 Kf7 36. Ke2 Bc7 37. Kd3 Ke6 38. Ke4 Kd7 39. Kd5 e2 40. Re1 Re6 41. a6 Rxa6 42. Rxe2 Bd8 43. b5 Rh6 44. Rh2 Bb6 45. Bxb6 Rxb6 46. Kc5 Rh6 47. Kb4 Kc7 48. Ka5 Kb7 49. h4 g5 50. h5 Re6 51. Rd2 Rh6 52. Rh2 Re6 53. Rd2 Rh6 1/2-1/2

[Event "CZE-chT1E 0607"]
[Site "Czech Republic"]
[Date "2006.11.26"]
[Round "3.5"]
[White "Nehybka, Jiri"]
[Black "Kozlicek, Lubomir"]
[Result "1-0"]
[WhiteElo "2221"]
[BlackElo "2180"]
[PlyCount "97"]
[EventDate "2006.10.15"]
[EventType "team"]
[EventRounds "11"]
[EventCountry "CZE"]
[SourceTitle "EXT 2008"]
[Source "ChessBase"]
[SourceDate "2007.11.25"]
[SourceVersion "1"]
[SourceVersionDate "2007.11.25"]
[SourceQuality "1"]

1. e4 d5 2. exd5 Nf6 3. d4 Nxd5 4. Nf3 Bg4 5. Be2 e6 6. 0-0 Nc6 7. h3 Bh5 8. c4 Nb6 9. Nc3 Bxf3 10. Bxf3 Nxc4 11. d5 N6e5 12. Be2 Nb6 13. dxe6 Qxd1 14. Rxd1 Bd6 15. Nb5 f5 16. Bg5 h6 17. Nxd6+ cxd6 18. Bh5+ g6 19. Bf6 0-0 20. Bxe5 gxh5 21. Bc3 d5 22. Rd3 Kh7 23. Re1 Rae8 24. Bd4 f4 25. Bxb6 axb6 26. Rxd5 Re7 27. Rb5 Ra8 28. a3 Ra6 29. Rxh5 Kg6 30. Rhe5 Kf6 31. R1e4 Ra4 32. Kf1 Rc4 33. Rxc4 Kxe5 34. f3 Kd5 35. Re4 b5 36. Kf2 Rxe6 37. Rxe6 Kxe6 38. g3 Ke5 39. h4 fxg3+ 40. Kxg3 h5 41. Kg2 Kf5 42. Kf1 Ke5 43. Ke2 Kf4 44. Kf2 b6 45. b4 Ke5 46. Ke3 Kf5 47. f4 Kg4 48. Ke4 Kxh4 49. Kf3 1-0

[Event "CZE-chT1 East 0506"]
[Site "Czech Republic"]
[Date "2005.11.27"]
[Round "3.5"]
[White "Hrubes, Pavel"]
[Black "Kozlicek, Lubomir"]
[Result "1/2-1/2"]
[WhiteElo "2132"]
[BlackElo "2171"]
[PlyCount "32"]
[EventDate "2005.10.23"]
[EventType "team"]
[EventRounds "11"]
[EventCountry "CZE"]
[SourceTitle "EXT 2008"]
[Source "ChessBase"]
[SourceDate "2007.11.25"]
[SourceVersion "1"]
[SourceVersionDate "2007.11.25"]
[SourceQuality "1"]

1. c4 Nf6 2. Nc3 c5 3. e4 Nc6 4. g3 d6 5. Bg2 g6 6. Nge2 Bg7 7. 0-0 0-0 8. h3 Bd7 9. d3 Rb8 10. Rb1 a6 11. Be3 b5 12. b3 e5 13. f4 Nd4 14. Qd2 b4 15. Nd1 Nh5 16. Bxd4 cxd4 1/2-1/2

[Event "Havlickuv Brod op-A"]
[Site "Havlickuv Brod"]
[Date "2005.09.24"]
[Round "1"]
[White "Kozlicek, Lubomir"]
[Black "Polak, Tomas"]
[Result "0-1"]
[WhiteElo "2171"]
[BlackElo "2493"]
[PlyCount "68"]
[EventDate "2005.09.24"]
[EventType "swiss"]
[EventRounds "9"]
[EventCountry "CZE"]
[SourceTitle "CBM 108 Extra"]
[Source "ChessBase"]
[SourceDate "2005.11.04"]
[SourceVersion "1"]
[SourceVersionDate "2005.11.04"]
[SourceQuality "1"]

1. e4 b6 2. Nc3 Bb7 3. Nf3 e6 4. d4 Bb4 5. Bd3 Nf6 6. Qe2 d5 7. exd5 Qxd5 8. 0-0 Bxc3 9. bxc3 0-0 10. Bf4 Rc8 11. Be5 Nbd7 12. c4 Qa5 13. Rfe1 c5 14. Rab1 Bc6 15. Rb3 Ba4 16. Rbb1 Re8 17. Qe3 Bc6 18. Bxf6 Nxf6 19. Ne5 cxd4 20. Qxd4 Rac8 21. Re3 Qc5 22. Qh4 h6 23. Rbe1 Red8 24. Rg3 Kf8 25. Qh3 Ne4 26. Ng6+ fxg6 27. Rf3+ Nf6 28. Rxf6+ gxf6 29. Qxh6+ Ke7 30. Qg7+ Kd6 31. Qxf6 Kc7 32. Rxe6 Re8 33. Qf7+ Kb8 34. Rxg6 Rf8 0-1

[Event "CZE-chT2d 0405"]
[Site "Czech Republic"]
[Date "2005.??.??"]
[Round "5"]
[White "Cip, Dalibor"]
[Black "Kozlicek, Lubomir"]
[Result "1/2-1/2"]
[WhiteElo "2175"]
[BlackElo "2155"]
[PlyCount "93"]
[EventDate "2004.10.??"]
[EventType "team"]
[EventRounds "11"]
[EventCountry "CZE"]
[SourceTitle "EXT 2007"]
[Source "ChessBase"]
[SourceDate "2006.11.23"]
[SourceVersion "1"]
[SourceVersionDate "2006.11.23"]
[SourceQuality "1"]

1. Nf3 Nf6 2. c4 e6 3. g3 b6 4. Bg2 Bb7 5. d4 Bb4+ 6. Bd2 Bxd2+ 7. Nbxd2 0-0 8. 0-0 Qe7 9. Qc2 d6 10. e4 e5 11. d5 a5 12. Ne1 Nbd7 13. Nd3 Nc5 14. Nxc5 dxc5 15. Rae1 Ne8 16. f4 f6 17. fxe5 fxe5 18. Rxf8+ Kxf8 19. Nf3 Nd6 20. Qc3 Re8 21. Bh3 Bc8 22. Bxc8 Nxc8 23. Qe3 Nd6 24. b3 Nf7 25. Rf1 Kg8 26. Nh4 g6 27. Qf3 Rf8 28. Qg4 Qg5 29. Qe2 Nd6 30. Rxf8+ Kxf8 31. Nf3 Qg4 32. Qe3 Qxe4 33. Qxe4 Nxe4 34. Nxe5 Nc3 35. a4 Ne2+ 36. Kf2 Nd4 37. Ke3 Nxb3 38. Nf3 Ke7 39. Ng5 h6 40. Ne6 c6 41. Nf4 g5 42. Ng6+ Kd6 43. dxc6 Nd4 44. c7 Kxc7 45. Ne7 Kd6 46. Nc8+ Kc7 47. Ne7 1/2-1/2

[Event "CZE-chT2d 0405"]
[Site "Czech Republic"]
[Date "2005.??.??"]
[Round "6"]
[White "Kozlicek, Lubomir"]
[Black "Docekal, Jan"]
[Result "1/2-1/2"]
[WhiteElo "2155"]
[BlackElo "2120"]
[PlyCount "90"]
[EventDate "2004.10.??"]
[EventType "team"]
[EventRounds "11"]
[EventCountry "CZE"]
[SourceTitle "EXT 2007"]
[Source "ChessBase"]
[SourceDate "2006.11.23"]
[SourceVersion "1"]
[SourceVersionDate "2006.11.23"]
[SourceQuality "1"]

1. e4 d6 2. d4 Nf6 3. Nc3 g6 4. f4 Bg7 5. Nf3 0-0 6. e5 Nfd7 7. h4 c5 8. e6 fxe6 9. h5 cxd4 10. Nxd4 Nf6 11. hxg6 Nc6 12. Nf3 Qb6 13. gxh7+ Kf7 14. Bd3 Ke8 15. Qe2 Bd7 16. Bd2 Kd8 17. 0-0-0 Nb4 18. Ng5 Nfd5 19. Bc4 Rc8 20. h8Q Rxh8 21. Rxh8+ Bxh8 22. Nf7+ Kc7 23. Nxh8 Rxh8 24. Bxd5 exd5 25. Qxe7 d4 26. Ne4 Nxa2+ 27. Kb1 Re8 28. Qxd6+ Qxd6 29. Nxd6 Kxd6 30. Kxa2 Re2 31. Bb4+ Kc6 32. Rxd4 Rxg2 33. c4 Rg3 34. Bd6 Bh3 35. b4 b5 36. c5 Be6+ 37. Kb2 Bf5 38. Rd2 Be6 39. f5 Rb3+ 40. Kc2 Bc4 41. Rh2 Rf3 42. Rh7 a6 43. Ra7 Kd5 44. Rxa6 Kd4 45. c6 Rf2+ 1/2-1/2

[Event "CZE-chT2d 0405"]
[Site "Czech Republic"]
[Date "2005.??.??"]
[Round "3"]
[White "Kozlicek, Lubomir"]
[Black "Macharacek, Simon"]
[Result "1-0"]
[WhiteElo "2155"]
[BlackElo "2205"]
[PlyCount "73"]
[EventDate "2004.10.??"]
[EventType "team"]
[EventRounds "11"]
[EventCountry "CZE"]
[SourceTitle "EXT 2007"]
[Source "ChessBase"]
[SourceDate "2006.11.23"]
[SourceVersion "1"]
[SourceVersionDate "2006.11.23"]
[SourceQuality "1"]

1. e4 e5 2. Nf3 Nc6 3. d4 exd4 4. c3 dxc3 5. Nxc3 Bb4 6. Bc4 d6 7. Qb3 Bxc3+ 8. bxc3 Qe7 9. 0-0 Nf6 10. e5 Nxe5 11. Nxe5 dxe5 12. Ba3 c5 13. Bb5+ Nd7 14. Bxd7+ Qxd7 15. Bxc5 Qc6 16. Ba3 Be6 17. c4 0-0-0 18. Qe3 Qa4 19. Rab1 Rd7 20. Bc5 Bxc4 21. Rfc1 Rhd8 22. h3 b5 23. Qxe5 f6 24. Qg3 Rd5 25. Be3 Rd1+ 26. Kh2 Rxc1 27. Rxc1 Qa5 28. a4 a6 29. axb5 axb5 30. Qg4+ Rd7 31. Bf4 g5 32. Bg3 Qd2 33. Ra1 Kb7 34. Qf3+ Bd5 35. Qa3 Kc8 36. Qc5+ Kd8 37. Qf8# 1-0

[Event "MOR-chT2S 0203"]
[Site "Moravia"]
[Date "2002.11.03"]
[Round "2"]
[White "Kozlicek, Lubomir"]
[Black "Pridal, Ondrej"]
[Result "1-0"]
[WhiteElo "2152"]
[BlackElo "2255"]
[PlyCount "59"]
[EventDate "2002.10.??"]
[EventType "team"]
[EventRounds "11"]
[EventCountry "CZE"]
[SourceTitle "EXT 2006"]
[Source "ChessBase"]
[SourceDate "2005.11.24"]
[SourceVersion "1"]
[SourceVersionDate "2005.11.24"]
[SourceQuality "1"]

1. e4 d5 2. exd5 Nf6 3. d4 Nxd5 4. Nf3 Bg4 5. Be2 Nc6 6. 0-0 e6 7. Nc3 Be7 8. Ne4 0-0 9. c3 Re8 10. Ng3 h5 11. h3 h4 12. hxg4 hxg3 13. g5 e5 14. fxg3 e4 15. Bc4 Nb6 16. Bxf7+ Kxf7 17. Ne5+ Kg8 18. Nf7 Rf8 19. Nxd8 Raxd8 20. Bf4 Nd5 21. Qh5 Rf5 22. Qg6 Rdf8 23. Qe6+ Kh8 24. Qxe4 Bd8 25. Be5 Rxf1+ 26. Rxf1 Rxf1+ 27. Kxf1 Nb6 28. Qg6 Nxe5 29. dxe5 Be7 30. Qe8+ 1-0

[Event "CZE-chTV 0001"]
[Site "Czech Republic"]
[Date "2001.??.??"]
[Round "2"]
[White "Kozlicek, Lubomir"]
[Black "Stastny, Jan"]
[Result "0-1"]
[WhiteElo "2180"]
[BlackElo "2180"]
[PlyCount "64"]
[EventDate "2000.??.??"]
[EventType "team"]
[EventRounds "11"]
[EventCountry "CZE"]
[SourceTitle "EXT 2003"]
[Source "ChessBase"]
[SourceDate "2002.11.25"]
[SourceVersion "1"]
[SourceVersionDate "2002.11.25"]
[SourceQuality "1"]

1. e4 c5 2. f4 Nc6 3. Nf3 e6 4. Bb5 Nge7 5. d3 d6 6. Nc3 g6 7. f5 exf5 8. Bg5 Qa5 9. 0-0 Be6 10. Bf6 Rg8 11. d4 cxd4 12. Nxd4 0-0-0 13. Kh1 Bg7 14. Bxg7 Rxg7 15. Bxc6 Nxc6 16. Nxc6 bxc6 17. Qd4 Rgg8 18. Rad1 Qb6 19. Qa4 Kb7 20. Rf3 Ka8 21. Rfd3 Qc7 22. Qa3 fxe4 23. Nxe4 Bf5 24. Qa4 d5 25. Nc5 Bxd3 26. Rxd3 Rge8 27. g3 Qb6 28. b4 Qb5 29. Qb3 Rb8 30. a3 Re3 31. Kg2 Rxd3 32. cxd3 Qxc5 0-1

[Event "CZE-chTV 0001"]
[Site "Czech Republic"]
[Date "2000.??.??"]
[Round "2"]
[White "Kozlicek, Lubomir"]
[Black "Sir, Zbynek"]
[Result "0-1"]
[WhiteElo "2180"]
[BlackElo "2195"]
[PlyCount "60"]
[EventDate "2000.??.??"]
[EventType "team"]
[EventRounds "11"]
[EventCountry "CZE"]
[SourceTitle "EXT 2003"]
[Source "ChessBase"]
[SourceDate "2002.11.25"]
[SourceVersion "1"]
[SourceVersionDate "2002.11.25"]
[SourceQuality "1"]

1. e4 c5 2. f4 g6 3. Nf3 Bg7 4. Nc3 a6 5. a4 e6 6. d4 cxd4 7. Nxd4 d5 8. exd5 Ne7 9. Bc4 Qb6 10. Nf3 exd5 11. Bb3 Nbc6 12. Qe2 0-0 13. Qf2 Nd4 14. Nxd4 Bxd4 15. Qf3 Re8 16. Kd1 Bf5 17. Bd2 Be4 18. Nxe4 dxe4 19. Qxe4 Bxb2 20. Rb1 Qf6 21. Re1 Rad8 22. Re2 Bc3 23. Bc4 Rd4 24. Qxb7 Bxd2 25. Rxd2 Rxc4 26. Qd7 Rcc8 27. Rd6 Qxf4 28. c3 Nf5 29. Rd3 Ne3+ 30. Kc1 Nc4+ 0-1

[Event "Morava-chT 9697"]
[Site "Czech Republic"]
[Date "1997.??.??"]
[Round "?"]
[White "Baier, Pavel"]
[Black "Kozlicek, Lubomir"]
[Result "1-0"]
[WhiteElo "2250"]
[BlackElo "2155"]
[PlyCount "81"]
[EventDate "1996.??.??"]
[EventType "team-tourn"]
[EventRounds "11"]
[EventCountry "CZE"]
[SourceTitle "EXT 1998"]
[Source "ChessBase"]
[SourceDate "1997.11.17"]
[SourceVersion "1"]
[SourceVersionDate "1997.11.17"]
[SourceQuality "1"]

1. e4 e6 2. d4 b6 3. Nc3 Bb7 4. g3 Nf6 5. Bg2 Bb4 6. Bg5 Be7 7. Nge2 d5 8. e5 Nfd7 9. Bxe7 Qxe7 10. Qd2 a6 11. a3 c5 12. f4 Nc6 13. 0-0 cxd4 14. Nxd4 Nxd4 15. Qxd4 g6 16. Rad1 Qc5 17. Rf2 Qxd4 18. Rxd4 Ke7 19. Rfd2 Rhd8 20. Ne2 b5 21. b3 Nc5 22. Rd1 Rab8 23. R4d2 Rdc8 24. Nd4 Nd7 25. g4 f5 26. gxf5 gxf5 27. Rd3 Rg8 28. Rg3 Nc5 29. Kf2 Rg6 30. Rg1 Rbg8 31. Bf3 R8g7 32. Rc1 Rg8 33. Rd1 Re8 34. Rh3 Rg7 35. Rh6 Reg8 36. c4 bxc4 37. bxc4 Kd7 38. cxd5 Bxd5 39. Nxf5 Rf7 40. Bxd5 exd5 41. Rxd5+ 1-0

[Event "Morava-chT 9798"]
[Site "Czech Republic"]
[Date "1997.??.??"]
[Round "3.5"]
[White "Baier, Pavel"]
[Black "Kozlicek, Lubomir"]
[Result "1-0"]
[WhiteElo "2245"]
[BlackElo "2155"]
[PlyCount "67"]
[EventDate "1997.??.??"]
[EventType "team-tourn"]
[EventRounds "11"]
[EventCountry "CZE"]
[SourceTitle "EXT 1999"]
[Source "ChessBase"]
[SourceDate "1998.11.16"]
[SourceVersion "1"]
[SourceVersionDate "1998.11.16"]
[SourceQuality "1"]

1. e4 c5 2. Nf3 d6 3. Bb5+ Bd7 4. Bxd7+ Qxd7 5. c4 Nc6 6. Nc3 e6 7. 0-0 Nf6 8. d4 cxd4 9. Nxd4 Be7 10. b3 0-0 11. Bb2 Rfd8 12. Re1 Rac8 13. Nxc6 bxc6 14. Qe2 e5 15. Rad1 Qc7 16. Rd3 Rd7 17. Red1 Rcd8 18. Bc1 h6 19. h3 Qb7 20. Qf3 Nh7 21. Qg4 Bg5 22. Ba3 Be7 23. h4 Nf8 24. Bc1 Kh8 25. Rf3 f6 26. Bxh6 gxh6 27. Rg3 Ne6 28. Qxe6 Rf8 29. c5 d5 30. Qg4 Bxc5 31. Qg6 Rh7 32. exd5 cxd5 33. Rxd5 Bd4 34. Qxf6+ 1-0